Los días de fiesta / (Registro nro. 12534)

Detalles MARC
000 -LEADER
fixed length control field 00814nam a2200301 c 4500
001 - CONTROL NUMBER
control field
003 - CONTROL NUMBER IDENTIFIER
control field DO-SdBNP
005 - DATE AND TIME OF LATEST TRANSACTION
control field 20170120151052.0
008 - FIXED-LENGTH DATA ELEMENTS--GENERAL INFORMATION
fixed length control field 140916s1978 sp | |||| 000 0 spa
015 ## - NATIONAL BIBLIOGRAPHY NUMBER
National bibliography number
017 ## - COPYRIGHT OR LEGAL DEPOSIT NUMBER
Copyright or legal deposit number
Assigning agency
020 ## - INTERNATIONAL STANDARD BOOK NUMBER
International Standard Book Number
035 ## - SYSTEM CONTROL NUMBER
System control number (OCoLC)
040 ## - CATALOGING SOURCE
Original cataloging agency BPMSU
Language of cataloging spa
Transcribing agency BPMSU
Description conventions
041 1# - LANGUAGE CODE
Language code of text/sound track or separate title spa
Language code of original
080 ## - UNIVERSAL DECIMAL CLASSIFICATION NUMBER
Universal Decimal Classification number
100 1# - MAIN ENTRY--PERSONAL NAME
Personal name Gorostiza, Carlos
Dates associated with a name 1943-
Relator code
245 14 - TITLE STATEMENT
Title Los días de fiesta /
Statement of responsibility, etc. Calos Gorostiza ; ilustraciones Blanca Medda
260 ## - PUBLICATION, DISTRIBUTION, ETC. (IMPRINT)
Place of publication, distribution, etc. Buenos Aires, Argentina :
Name of publisher, distributor, etc. Editoril Kapelusz,
Date of publication, distribution, etc. 1978
300 ## - PHYSICAL DESCRIPTION
Extent [14 p.] :
Other physical details ils. ;
Dimensions 20 cm
336 ## - CONTENT TYPE
Content type term
Source
337 ## - MEDIA TYPE
Media type term
Source
490 ## - SERIES STATEMENT
Series statement Cuentos para sonreir
-- Pelusa
700 ## - ADDED ENTRY--PERSONAL NAME
Personal name Medda, Blanca
830 ## - SERIES ADDED ENTRY--UNIFORM TITLE
Uniform title Cuentos para sonreir
Name of part/section of a work Pelusa
942 ## - ADDED ENTRY ELEMENTS (KOHA)
Source of classification or shelving scheme Dewey Decimal Classification
Koha item type Libros
956 ## - LOCAL ELECTRONIC LOCATION AND ACCESS (OCLC)
Host name VMATEO
Access number 10
Compression information 20170120
Path BPMSU
Electronic name 0069
Existencias
Withdrawn status Lost status Source of classification or shelving scheme Damaged status Not for loan Collection code Home library Current library Date acquired Source of acquisition Total Checkouts Barcode Date last seen Price effective from Koha item type
    Dewey Decimal Classification     Colección Infantil General Biblioteca Pública Metropolitana Salomé Ureña Biblioteca Pública Metropolitana Salomé Ureña 01/20/2017 Sellar   BPMET17010752 01/20/2017 01/20/2017 Libros